[Event "5th HD Bank Cup 2015"]
[Site "Ho Chi Minh City VIE"]
[Date "2015.03.19"]
[Round "4.19"]
[White "Bitoon, Richard"]
[Black "Luong, Phuong Hanh"]
[Result "1-0"]
[WhiteTitle "GM"]
[WhiteElo "2422"]
[BlackElo "2175"]
[WhiteFideId "5201110"]
[BlackFideId "12401013"]
[EventDate "2015.03.17"]

1. d4 Nf6 2. Nf3 g6 3. Bf4 Bg7 4. Nbd2 c5 5. e3 cxd4 6. exd4 Qb6 7. c3 d5 8. Qb3
Qe6+ 9. Be2 O-O 10. h3 Ne4 11. Nxe4 dxe4 12. Ng5 Qf5 13. Be3 Nc6 14. Qc2 Qa5 15.
O-O e5 16. dxe5 Nxe5 17. Qxe4 Bf5 18. Qf4 Bd3 19. Bxd3 Nxd3 20. Qh4 h5 21. g4 f6
22. gxh5 Qf5 23. hxg6 Qxg6 24. Qc4+ Kh8 25. Qe4 Qh5 26. Qxd3 fxg5 27. Qd7 Rf3
28. Qg4 Rxh3 29. Qxh5+ Rxh5 30. Rad1 Kh7 31. Rd7 Kg6 32. Rxb7 Be5 33. Rd1 g4 34.
Bd4 Rd8 35. Rxa7 g3 36. Ra6+ Kf5 37. fxg3 Kg4 38. Kg2 Rdh8 39. Rg6+ Kf5 40. g4+ 1-0

[Event "5th HD Bank Cup 2015"]
[Site "Ho Chi Minh City VIE"]
[Date "2015.03.19"]
[Round "4.20"]
[White "Nolte, Rolando"]
[Black "Vo, Dai Hoai Duc"]
[Result "1-0"]
[WhiteTitle "IM"]
[WhiteElo "2394"]
[BlackElo "2195"]
[WhiteFideId "5200636"]
[BlackFideId "12400033"]
[EventDate "2015.03.17"]

1. e4 c5 2. Nf3 e6 3. d4 cxd4 4. Nxd4 Nc6 5. Nc3 Qc7 6. Be3 a6 7. Qd2 Nf6 8.
O-O-O Bb4 9. f3 Ne7 10. Nde2 d5 11. Bg5 dxe4 12. Bxf6 gxf6 13. Qd4 exf3 14. Qxb4
fxe2 15. Bxe2 f5 16. Rd6 Bd7 17. Rhd1 Bc6 18. Kb1 Rc8 19. Bh5 Bd5 20. a3 O-O 21.
g4 Qc4 22. gxf5 Qxb4 23. axb4 Nxf5 24. Nxd5 Nxd6 25. Ne7+ Kg7 26. Nxc8 Nxc8 27.
Rd7 b5 28. Bf3 Nb6 29. Ra7 Nc4 30. Kc1 Rd8 31. Rxa6 Rd4 32. c3 Rh4 33. Bc6 Rxh2
34. Bxb5 Nxb2 35. Rd6 e5 36. Rd2 Rxd2 37. Kxd2 e4 38. Kc1 Nd3+ 39. Bxd3 exd3 40.
b5 1-0

[Event "5th HD Bank Cup 2015"]
[Site "Ho Chi Minh City VIE"]
[Date "2015.03.19"]
[Round "4.21"]
[White "Tu, Hoang Thai"]
[Black "Wynn Zaw Htun"]
[Result "1/2-1/2"]
[WhiteTitle "IM"]
[BlackTitle "IM"]
[WhiteElo "2249"]
[BlackElo "2382"]
[WhiteFideId "12400351"]
[BlackFideId "13002783"]
[EventDate "2015.03.17"]

1. e4 c5 2. b3 d6 3. Bb2 e5 4. g3 Nf6 5. Bg2 Nc6 6. Ne2 Be7 7. O-O O-O 8. f4 Re8
9. Nbc3 Nd4 10. d3 Rb8 11. h3 b5 12. Qd2 Bf8 13. g4 b4 14. Nd1 g6 15. Ng3 Nd7
16. g5 exf4 17. Qxf4 Ne5 18. Ne3 Bg7 19. Bxd4 cxd4 20. Nd5 Be6 21. Rf2 Nd7 22.
Nf6+ Nxf6 23. gxf6 Bf8 24. Kh2 Rb5 25. Rg1 Qc8 26. Nf5 Qc5 27. Kh1 Kh8 28. Qh4
Qe5 29. Bf3 Rc5 30. Bh5 Rec8 31. Rxg6 fxg6 32. Bxg6 R5c7 33. Ne7 h6 34. Rf5 Bxf5
35. Bxf5 Rxe7 36. fxe7 Qxe7 37. Qxe7 Bxe7 38. Bxc8 1/2-1/2

[Event "5th HD Bank Cup 2015"]
[Site "Ho Chi Minh City VIE"]
[Date "2015.03.19"]
[Round "4.22"]
[White "Bao, Khoa"]
[Black "Hoang, Canh Huan"]
[Result "0-1"]
[WhiteTitle "IM"]
[BlackTitle "FM"]
[WhiteElo "2237"]
[BlackElo "2348"]
[WhiteFideId "12401501"]
[BlackFideId "12400599"]
[EventDate "2015.03.17"]

1. e4 c5 2. Nf3 d6 3. Be2 Nf6 4. c3 g6 5. O-O Bg7 6. Re1 O-O 7. Bf1 b6 8. d3 Bb7
9. Nbd2 e5 10. a3 Nbd7 11. b4 Qc7 12. c4 Nh5 13. Ra2 Nf4 14. Nb1 Ne6 15. Nc3 f5
16. Nd5 Qd8 17. g3 Nf6 18. Bh3 Nxd5 19. exd5 Nc7 20. Bg5 Qd7 21. Qd2 Qf7 22.
bxc5 bxc5 23. Rb2 Ba6 24. Bh6 e4 25. Bxg7 Qxg7 26. dxe4 fxe4 27. Ng5 h6 28. Ne6
Nxe6 29. Bxe6+ Kh8 30. Rxe4 Rf3 31. Re3 Rxe3 32. Qxe3 Bxc4 33. Rb1 Ba6 34. Kg2
Rd8 35. h4 Rf8 36. Rb3 Kh7 37. Qe4 Qd4 38. Qxd4 cxd4 39. Rb4 d3 40. Ra4 h5 41.
g4 d2 42. Rd4 Rf4 43. Rxd2 hxg4 44. Kg3 Ra4 45. Rc2 Rxa3+ 46. Kxg4 Kh6 47. Rc6
Be2+ 48. Kf4 Ra6 49. Bc8 Rb6 50. Ke3 Bf1 51. Rc7 Bg2 52. Be6 a5 53. f4 Rb3+ 54.
Kf2 Be4 55. Ra7 Ra3 56. Ke2 a4 57. Rd7 Rg3 58. Rxd6 a3 59. Kf2 Rf3+ 60. Kg1 Bd3
61. Rd8 a2 62. Ra8 Rf1+ 63. Kg2 a1=Q 64. Rxa1 Rxa1 65. Kf3 Bf5 0-1

[Event "5th HD Bank Cup 2015"]
[Site "Ho Chi Minh City VIE"]
[Date "2015.03.19"]
[Round "4.23"]
[White "Tran, Ngoc Lan"]
[Black "Duong, The Anh"]
[Result "0-1"]
[BlackTitle "IM"]
[WhiteElo "2219"]
[BlackElo "2340"]
[WhiteFideId "12401811"]
[BlackFideId "12401277"]
[EventDate "2015.03.17"]

1. e4 e6 2. d4 d5 3. Nc3 Bb4 4. exd5 exd5 5. Bd3 Ne7 6. Ne2 Nbc6 7. Bf4 Bf5 8.
O-O O-O 9. Bxf5 Nxf5 10. Qd3 Bxc3 11. Nxc3 Nfxd4 12. Be3 Nf3+ 13. gxf3 d4 14.
Rad1 dxe3 15. fxe3 Qg5+ 16. Kh1 Rad8 17. Qe2 Qe5 18. f4 Qc5 19. e4 f5 20. Rd5
Rxd5 21. exd5 Ne7 22. Rd1 Ng6 23. d6 cxd6 24. Nd5 Qc6 25. Qg2 Re8 26. h4 Qc4 27.
b3 Qe2 28. Rg1 Qxg2+ 29. Rxg2 Re1+ 30. Kh2 Nxh4 31. Rg3 Rd1 32. c4 Rd2+ 33. Kh3
Ng6 34. Re3 Kf7 35. a4 h5 36. Rf3 Nf8 37. Kh4 Ne6 38. Re3 Rg2 39. Kh3 Rg4 40.
Kh2 a5 41. Rd3 h4 42. Nb6 Nxf4 43. Rxd6 Rg2+ 44. Kh1 h3 45. Nd7 Ne2 46. Rd3 Ng3+
47. Rxg3 Rxg3 48. Nc5 b6 49. Kh2 Re3 50. Nd7 Rxb3 51. c5 bxc5 52. Nxc5 Ra3 0-1

[Event "5th HD Bank Cup 2015"]
[Site "Ho Chi Minh City VIE"]
[Date "2015.03.19"]
[Round "4.24"]
[White "Pham, Le Thao Nguyen"]
[Black "Grafil, Franz Robert"]
[Result "1/2-1/2"]
[WhiteTitle "IM"]
[WhiteElo "2338"]
[BlackElo "2123"]
[WhiteFideId "12401226"]
[BlackFideId "5205298"]
[EventDate "2015.03.17"]

1. d4 Nf6 2. Bf4 d5 3. e3 c5 4. c3 Qb6 5. Qb3 Nc6 6. Nd2 e6 7. h3 Be7 8. Ngf3
O-O 9. Be2 Bd7 10. O-O Rac8 11. Rfe1 Na5 12. Qxb6 axb6 13. Bf1 cxd4 14. exd4 b5
15. a3 1/2-1/2

[Event "5th HD Bank Cup 2015"]
[Site "Ho Chi Minh City VIE"]
[Date "2015.03.19"]
[Round "4.25"]
[White "Li, Xueyi"]
[Black "Vo, Thanh Ninh"]
[Result "0-1"]
[WhiteElo "2190"]
[BlackElo "2311"]
[WhiteFideId "8605912"]
[BlackFideId "12402141"]
[EventDate "2015.03.17"]

1. d4 Nf6 2. c4 e6 3. Nc3 Bb4 4. e3 b6 5. Ne2 Ne4 6. f3 Nxc3 7. bxc3 Be7 8. Nf4
Nc6 9. Bd3 Ba6 10. O-O Na5 11. Qe2 c5 12. Bd2 Rc8 13. Rac1 d6 14. Nh3 Qd7 15. f4
Qa4 16. d5 Bxc4 17. dxe6 fxe6 18. e4 O-O 19. f5 Rce8 20. fxe6 Bxe6 21. Bb5 Bc4
22. Bxe8 Rxe8 23. Qd1 Qxd1 24. Rfxd1 Bxa2 25. Bg5 Bb3 26. Re1 Bf8 27. Ra1 Nc6
28. Nf2 a5 29. Nd3 b5 30. Bd2 a4 31. Nf4 Bc2 32. Nd5 Rxe4 33. Rxe4 Bxe4 34. c4
Bxd5 35. cxb5 Nd4 36. b6 Nb3 37. Ra2 Bc6 38. Bc3 d5 39. Be5 c4 40. Kf1 a3 41.
Ke1 d4 42. Kd1 Bc5 43. g3 d3 0-1

[Event "5th HD Bank Cup 2015"]
[Site "Ho Chi Minh City VIE"]
[Date "2015.03.19"]
[Round "4.26"]
[White "Myo Naing"]
[Black "Nguyen, Dang Hong Phuc"]
[Result "0-1"]
[WhiteTitle "IM"]
[WhiteElo "2299"]
[BlackElo "2047"]
[WhiteFideId "13000071"]
[BlackFideId "12402761"]
[EventDate "2015.03.17"]

1. e4 e6 2. d4 d5 3. Nd2 dxe4 4. Nxe4 Bd7 5. Nf3 Bc6 6. Bd3 Nd7 7. O-O Ngf6 8.
Ng3 Be7 9. Re1 Bxf3 10. Qxf3 c6 11. c3 O-O 12. Bf4 Re8 13. Rad1 Nf8 14. Bb1 Qd5
15. Qe2 Rad8 16. a3 Qa5 17. Ne4 Ng6 18. Bc1 Nxe4 19. Bxe4 Qc7 20. g3 Rd7 21. h4
Nf8 22. h5 h6 23. Bc2 Red8 24. Qg4 Kh8 25. Qf3 Kg8 26. Be3 c5 27. Ba4 Rd5 28. c4
Rf5 29. Qg4 Bg5 30. f4 cxd4 31. Bxd4 Rxd4 32. Rxd4 Qc5 33. Qd1 Bf6 34. Re4 Bxd4+
35. Qxd4 Rxh5 36. Qxc5 Rxc5 37. b4 Rc8 38. c5 f5 39. Rc4 Kf7 40. c6 bxc6 41.
Rxc6 Rxc6 42. Bxc6 Ke7 43. Kf2 Kd6 44. Bf3 Nd7 45. Ke3 e5 46. fxe5+ Kxe5 47. Kd3
Nb6 48. Bc6 g5 49. a4 Kd6 50. Bb5 Nd5 51. Kc4 Nc7 52. a5 Nxb5 53. Kxb5 f4 54.
gxf4 gxf4 55. Kc4 f3 56. Kd3 Kc6 0-1

[Event "5th HD Bank Cup 2015"]
[Site "Ho Chi Minh City VIE"]
[Date "2015.03.19"]
[Round "4.27"]
[White "Nguyen, Sy Hung"]
[Black "Tran, Manh Tien"]
[Result "1-0"]
[WhiteElo "2113"]
[BlackElo "2266"]
[WhiteFideId "12401374"]
[BlackFideId "12401897"]
[EventDate "2015.03.17"]

1. c4 Nf6 2. Nc3 c5 3. g3 e6 4. Bg2 d5 5. cxd5 exd5 6. d4 cxd4 7. Qxd4 Nc6 8.
Qa4 d4 9. Ne4 Nxe4 10. Bxe4 Bb4+ 11. Kf1 Qb6 12. Kg2 Bd7 13. Nf3 O-O 14. a3 Be7
15. Qc2 f5 16. Bd5+ Kh8 17. Bf4 Bf6 18. Rhd1 Rac8 19. Qd2 Ne7 20. Ba2 Ba4 21.
Rdc1 Bc6 22. Bg5 Bxg5 23. Qxg5 Ng6 24. b4 d3 25. Kg1 dxe2 26. Qh5 Bxf3 27. Qxf3
Rce8 28. Re1 f4 29. Rxe2 fxg3 30. Rxe8 gxf2+ 31. Kh1 Rxe8 32. Rf1 Nh4 33. Qf7
Qg6 34. Qxf2 Qe4+ 35. Kg1 h5 36. Bb1 Qg4+ 37. Kh1 Qc4 38. h3 b6 39. Kg1 g6 40.
Qd2 Qe2 41. Qd4+ Re5 42. Qxh4 Qe3+ 43. Kh2 Rg5 44. Qf4 Qxf4+ 45. Rxf4 Kg7 46.
Bd3 Rd5 47. Rf3 Rd4 48. Kg3 Kh6 49. Kf2 Kg5 50. Ke3 Rd6 51. Rg3+ Kh6 52. Ke4 g5
53. Ke5 Rd8 54. Bf5 Re8+ 55. Kd6 Rf8 56. Be6 Rf6 57. b5 Rf4 58. Re3 Kg6 59. Bd7
Ra4 60. Be8+ Kh6 61. Re6+ Kh7 62. Bxh5 Rxa3 63. Bg4 a6 64. Bf5+ Kg7 65. Ke7 axb5
66. Rg6+ Kh8 67. Kf6 Rf3 68. Kxg5 b4 69. Rxb6 b3 70. h4 Kg7 71. Rb7+ Kg8 72. h5 1-0

[Event "5th HD Bank Cup 2015"]
[Site "Ho Chi Minh City VIE"]
[Date "2015.03.19"]
[Round "4.28"]
[White "Tran, Le Dan Thuy"]
[Black "Padmini, Rout"]
[Result "0-1"]
[WhiteTitle "WFM"]
[BlackTitle "WGM"]
[WhiteElo "2076"]
[BlackElo "2454"]
[WhiteFideId "12403407"]
[BlackFideId "5029295"]
[EventDate "2015.03.17"]

1. d4 Nf6 2. c4 g6 3. Nc3 d5 4. cxd5 Nxd5 5. e4 Nxc3 6. bxc3 Bg7 7. Qb3 O-O 8.
Nf3 Nc6 9. Ba3 b6 10. Bb5 Na5 11. Qb4 c6 12. Be2 c5 13. dxc5 Nc6 14. Qb3 Be6 15.
Qc2 bxc5 16. O-O Qa5 17. Bb2 Rab8 18. Rfc1 Bg4 19. h3 Bxf3 20. Bxf3 Rb6 21. a4
Rfb8 22. Ra2 Qa6 23. Be2 Qb7 24. Ba3 Rb3 25. Qd2 Rd8 26. Qe3 Rxc3 27. Rxc3 Bxc3
28. Rc2 Bd4 29. Qc1 Nb4 30. Rxc5 Bxc5 31. Qxc5 Qxe4 32. Bc4 Nc6 33. Bb5 Rd1+ 34.
Kh2 Qf4+ 35. g3 Qf3 0-1

[Event "5th HD Bank Cup 2015"]
[Site "Ho Chi Minh City VIE"]
[Date "2015.03.19"]
[Round "4.29"]
[White "Dang, Hoang Son"]
[Black "Nguyen, Tan Thinh"]
[Result "0-1"]
[WhiteTitle "FM"]
[WhiteElo "2237"]
[BlackElo "1990"]
[WhiteFideId "12402435"]
[BlackFideId "12403458"]
[EventDate "2015.03.17"]

1. d4 d5 2. c4 c6 3. Nf3 Nf6 4. e3 Bf5 5. Nc3 e6 6. Nh4 Bg6 7. Be2 Bd6 8. g3
Nbd7 9. O-O Rc8 10. c5 Bb8 11. b4 a6 12. a4 O-O 13. Nxg6 hxg6 14. b5 axb5 15.
axb5 cxb5 16. Bxb5 b6 17. c6 Bd6 18. Ra7 Nb8 19. Qa4 Rc7 20. e4 Nxe4 21. Nxe4
dxe4 22. Be3 g5 23. d5 exd5 24. Bxb6 Rxa7 25. Qxa7 Qf6 26. c7 Qb2 27. cxb8=Q
Rxb8 28. Bc5 Qxb5 29. Bxd6 Rb6 30. Qe7 Qc6 31. Qf8+ Kh7 32. Bc5 Ra6 33. Rc1 Qf6
34. Qc8 Rc6 35. Qh3+ Kg6 36. g4 Qe5 37. Qh5+ Kf6 38. Be7+ Kxe7 39. Rxc6 e3 40.
Rc1 exf2+ 41. Kf1 Qe3 42. Rd1 d4 43. Qh7 g6 44. Qh8 d3 45. Qb2 Qh3+ 0-1

[Event "5th HD Bank Cup 2015"]
[Site "Ho Chi Minh City VIE"]
[Date "2015.03.19"]
[Round "4.30"]
[White "Tran, Minh Thang"]
[Black "Vu, Quang Quyen"]
[Result "1/2-1/2"]
[WhiteTitle "CM"]
[BlackTitle "CM"]
[WhiteElo "2196"]
[BlackElo "1940"]
[WhiteFideId "12401080"]
[BlackFideId "12402168"]
[EventDate "2015.03.17"]

1. b3 e5 2. Bb2 Nc6 3. e3 Nf6 4. Bb5 d6 5. d4 exd4 6. exd4 d5 7. Nf3 Bd6 8. Ne5
O-O 9. O-O Ne7 10. Nd2 c6 11. Be2 Ng6 12. f4 Re8 13. Bd3 Qb6 14. Kh1 c5 15. c3
cxd4 16. cxd4 Bd7 17. Nxd7 Nxd7 18. g3 Nf6 19. Nf3 Ng4 20. Ng5 Nf6 21. Qf3 Re7
22. Rae1 Rae8 23. Re5 h6 24. Rxe7 Nxe7 25. Nh3 Nc6 26. g4 Nxd4 27. Qd1 1/2-1/2

[Event "5th HD Bank Cup 2015"]
[Site "Ho Chi Minh City VIE"]
[Date "2015.03.19"]
[Round "4.31"]
[White "Tran, Thi Mong Thu"]
[Black "Pham, Xuan Dat"]
[Result "0-1"]
[WhiteElo "1934"]
[BlackElo "2189"]
[WhiteFideId "12403415"]
[BlackFideId "12401307"]
[EventDate "2015.03.17"]

1. e4 g6 2. d4 Bg7 3. c4 c5 4. d5 d6 5. Bd3 Nf6 6. Nc3 O-O 7. h3 Na6 8. a3 Nc7
9. Nge2 a6 10. a4 Rb8 11. O-O Bd7 12. a5 b5 13. axb6 Rxb6 14. Qc2 e6 15. f4 exd5
16. exd5 Bc8 17. Bd2 Nd7 18. Rab1 f5 19. Kh2 Rb7 20. Ng1 a5 21. Ra1 Nf6 22. Rxa5
Ne6 23. Nb5 Nc7 24. Nxc7 Rxb2 25. Qc1 Qxc7 26. Rb5 Rxb5 27. cxb5 Bb7 28. Bc4 Qf7
29. Nf3 Ne4 30. b6 Bxd5 31. Ba6 Ra8 32. Be2 Bc6 33. Be3 Rb8 34. Bc4 Bd5 35. Bxd5
Qxd5 36. Rd1 Qb3 37. Ne1 Bb2 38. Qb1 Nc3 39. Rd3 Rxb6 40. Qc2 Qxc2 41. Nxc2 Ne4
42. Na3 Bxa3 43. Rxa3 Rb7 44. g4 Kf7 45. gxf5 gxf5 46. Kg2 d5 47. Rd3 Ke6 48.
Kf3 d4 49. Bxd4 Rd7 50. Ke3 cxd4+ 51. Rxd4 Rxd4 52. Kxd4 Nf2 53. Ke3 Ne4 54. h4
Kd5 55. Kd3 h5 56. Ke3 Kc4 0-1

[Event "5th HD Bank Cup 2015"]
[Site "Ho Chi Minh City VIE"]
[Date "2015.03.19"]
[Round "4.32"]
[White "Le, Kieu Thien Kim"]
[Black "Nguyen, Huynh Tuan Hai"]
[Result "1-0"]
[WhiteTitle "WIM"]
[WhiteElo "2138"]
[BlackElo "1881"]
[WhiteFideId "12400572"]
[BlackFideId "12402923"]
[EventDate "2015.03.17"]

1. d4 Nf6 2. Bf4 g6 3. e3 Bg7 4. Be2 c5 5. c3 b6 6. Bf3 d5 7. Nd2 Bb7 8. h4 h5
9. Nh3 Nbd7 10. Ng5 Qc8 11. a4 O-O 12. O-O Re8 13. Be2 e5 14. Bg3 exd4 15. cxd4
Ba6 16. Bxa6 Qxa6 17. Ndf3 Ne4 18. dxc5 Ndf6 19. Nxe4 Nxe4 20. Ng5 Bxb2 21. Rb1
Bf6 22. Nxe4 dxe4 23. c6 Be5 24. Bxe5 Rxe5 25. Qd4 Rc5 26. Rfc1 Rc8 27. Rxc5
bxc5 28. Qxc5 Rxc6 29. Rb8+ Kg7 30. Qe5+ Rf6 31. Qe8 1-0

[Event "5th HD Bank Cup 2015"]
[Site "Ho Chi Minh City VIE"]
[Date "2015.03.19"]
[Round "4.33"]
[White "Harini, S."]
[Black "Nguyen, Ngoc Thuy Trang"]
[Result "1-0"]
[BlackTitle "WCM"]
[WhiteElo "2125"]
[BlackElo "1841"]
[WhiteFideId "5024919"]
[BlackFideId "12400688"]
[EventDate "2015.03.17"]

1. e4 e6 2. d4 d5 3. Nc3 Nf6 4. e5 Nfd7 5. f4 c5 6. Nf3 Nc6 7. Be3 Qb6 8. Na4
Qa5+ 9. c3 cxd4 10. b4 Qc7 11. Nxd4 a6 12. Bd3 b5 13. Nc5 Nxc5 14. bxc5 Na5 15.
a4 Nc4 16. Bxc4 bxc4 17. c6 Bc5 18. Nxe6 Bxe6 19. Bxc5 Qxc6 20. Qd4 Bf5 21. O-O
Be4 22. f5 Rb8 23. Rf2 Rb7 24. a5 Rb5 25. Bb4 Rxb4 26. cxb4 c3 27. Rc1 c2 28.
Qxe4 dxe4 29. Rfxc2 Qd7 30. Rc8+ Ke7 31. R8c7 Re8 32. Kf2 g6 33. g4 Kd8 34.
Rxd7+ Kxd7 35. Rc5 f6 36. e6+ Kd6 37. Ke3 Rb8 38. Rc4 gxf5 39. gxf5 Ke5 40.
Rxe4+ Kxf5 41. e7 Re8 42. Kd4 Kg6 43. Kd5 f5 44. Re6+ Kg5 45. Kd6 f4 46. Kd7 f3
47. Re1 1-0

[Event "5th HD Bank Cup 2015"]
[Site "Ho Chi Minh City VIE"]
[Date "2015.03.19"]
[Round "4.34"]
[White "Zhou, Guijue"]
[Black "Le, Minh Tu"]
[Result "1/2-1/2"]
[WhiteTitle "WIM"]
[BlackTitle "FM"]
[WhiteElo "2175"]
[BlackElo "1810"]
[WhiteFideId "8602905"]
[BlackFideId "12404888"]
[EventDate "2015.03.17"]

1. e4 c5 2. Nf3 d6 3. c3 Nf6 4. h3 Nc6 5. Bd3 g6 6. Bc2 Bg7 7. O-O O-O 8. d4
cxd4 9. cxd4 Nb4 10. Bb3 b6 11. a3 Nc6 12. Nc3 Bb7 13. Be3 Na5 14. Nd2 Rc8 15.
f4 Nxb3 16. Qxb3 Qc7 17. Rae1 Qb8 18. f5 Qa8 19. fxg6 hxg6 20. Bg5 Rce8 21. Nb5
Qb8 22. e5 Bd5 23. Qe3 dxe5 24. dxe5 Nd7 25. Nc3 Be6 26. Nf3 Bc4 27. Rf2 Nc5 28.
Rd2 Qb7 29. Rd4 b5 30. Rxc4 bxc4 31. Qxc5 Rc8 32. Qxe7 Qxb2 33. Re3 Rfe8 34.
Qxa7 Ra8 35. Qd4 Qxa3 36. Nd5 Qa1+ 37. Qxa1 Rxa1+ 38. Kh2 Kf8 39. Nf6 Rc8 40.
Rc3 Rd1 41. Nd2 Bxf6 42. exf6 Ke8 43. Nxc4 Kd8 44. Ne3 Rxc3 45. Nxd1 Rc5 46. h4
Kd7 47. Ne3 Ke6 48. Kg3 Rb5 49. Kf3 Rc5 50. g3 Rb5 51. Ng2 Rb3+ 52. Kg4 Ke5 53.
Nf4 Rb4 54. Kh3 Rb7 55. Kg4 Rb4 56. h5 gxh5+ 57. Kxh5 Rb7 58. Kh6 Rd7 59. g4 Ke4
60. Nh3 Kf3 61. Kh5 Kg3 62. Ng1 Kf2 63. Nh3+ Kg3 64. Nf4 Rd1 65. Ne2+ Kf3 66.
Nc3 Rd3 67. Nb5 Rd5 68. Nc7 Rd4 69. Ne6 Rd1 70. Ng7 Ke4 71. Nf5 Ke5 72. Nh6 Ke6
73. Bh4 Rb1 74. g5 Rb5 75. Be1 Rb1 76. Bh4 Rb5 77. Nxf7 Kxf7 78. Kh6 Kg8 79. g6
Rf5 80. Bg5 Rf1 81. Kh5 Rh1+ 82. Kg4 Rf1 83. Bf4 Kf8 84. Kf5 Rf2 85. Ke5 Re2+
86. Kd5 Rf2 87. Be5 Rf1 88. Ke6 Rf2 89. f7 Rf6+ 1/2-1/2

[Event "5th HD Bank Cup 2015"]
[Site "Ho Chi Minh City VIE"]
[Date "2015.03.19"]
[Round "4.35"]
[White "Nguyen, Minh Tuan"]
[Black "Nguyen, Tran Ngoc Thuy"]
[Result "1-0"]
[BlackTitle "WFM"]
[WhiteElo "2142"]
[BlackElo "1887"]
[WhiteFideId "12403512"]
[BlackFideId "12400661"]
[EventDate "2015.03.17"]

1. Nf3 d5 2. g3 Nf6 3. Bg2 g6 4. O-O Bg7 5. d4 O-O 6. c4 c6 7. Nbd2 Na6 8. Ne5
Bf5 9. Qb3 Qb6 10. c5 Qxb3 11. Nxb3 Nb4 12. Bd2 Na6 13. Na5 Nd7 14. f4 f6 15.
Nxd7 Bxd7 16. Rac1 e5 17. Bc3 e4 18. Nxb7 Rab8 19. Na5 Nb4 20. a3 Na2 21. Rb1
Rfc8 22. e3 Bg4 23. Kf2 Nxc3 24. bxc3 Bd7 25. a4 f5 26. Rfc1 Bf6 27. Bf1 Bd8 28.
Nb7 Bc7 29. a5 Kf7 30. c4 Be6 31. a6 Ke7 32. cxd5 Bxd5 33. Be2 h5 34. Bc4 Ke6
35. Bxd5+ Kxd5 36. h3 Rg8 37. h4 Rgc8 38. Ke2 Re8 39. Kd2 Rec8 40. Kc3 Re8 41.
Kb4 Ke6 42. Kc4 Rec8 43. Rd1 Re8 44. d5+ cxd5+ 45. Rxd5 Re7 46. Rbd1 Rc8 47.
Nd8+ Kf6 48. Nc6 Rf7 49. Nd4 Bb6 50. Nb5 Re7 51. Nd6 Rb8 52. cxb6 Rxb6 53. Nb5
Rxa6 54. Rd6+ Rxd6 55. Rxd6+ Kf7 56. Ra6 Kf8 57. Rxa7 Re6 58. Kd5 Rb6 59. Kc5
Rb8 60. Kc6 Rd8 61. Nd6 Rb8 62. Kd7 Rb3 63. Ke6 Rb6 64. Rd7 Kg8 65. Kf6 Rb8 66.
Kxg6 Kf8 67. Kxh5 Kg8 68. Kg6 Kf8 69. h5 Kg8 70. h6 Kh8 71. Nf7+ 1-0

[Event "5th HD Bank Cup 2015"]
[Site "Ho Chi Minh City VIE"]
[Date "2015.03.19"]
[Round "4.36"]
[White "Le, Minh Hoang"]
[Black "Manaog, Stewart"]
[Result "0-1"]
[WhiteTitle "CM"]
[WhiteElo "2025"]
[BlackElo "2104"]
[WhiteFideId "12404683"]
[BlackFideId "5207410"]
[EventDate "2015.03.17"]

1. d4 d5 2. Nf3 e6 3. e3 c6 4. Bd3 f5 5. c4 Nf6 6. O-O Bd6 7. b3 Qe7 8. Bb2 O-O
9. Qc1 b6 10. Ba3 c5 11. cxd5 Nxd5 12. dxc5 bxc5 13. Nc3 Nd7 14. Rd1 Bb7 15. Be2
g5 16. Nxd5 exd5 17. Bb2 g4 18. Ne1 Nf6 19. Bf1 Ne4 20. Nd3 Rac8 21. Nf4 Bxf4
22. exf4 Qh4 23. g3 Qe7 24. Qc2 h5 25. Re1 h4 26. Qc3 d4 27. Qc4+ Kh7 28. Rac1
Qd7 29. Qd3 Rf6 30. Bg2 h3 31. Bh1 Re6 32. Rcd1 Ba6 33. Qb1 Rce8 34. Qc1 d3 35.
Bxe4 Rxe4 36. Rxe4 Rxe4 37. Qd2 Qc6 38. f3 gxf3 39. Qc3 f2+ 40. Kf1 Rd4 0-1

[Event "5th HD Bank Cup 2015"]
[Site "Ho Chi Minh City VIE"]
[Date "2015.03.19"]
[Round "4.37"]
[White "Nguyen, Truong Bao Tran"]
[Black "Nguyen, Phuoc Tam"]
[Result "1/2-1/2"]
[WhiteElo "1884"]
[BlackElo "2059"]
[WhiteFideId "12402311"]
[BlackFideId "12402109"]
[EventDate "2015.03.17"]

1. c4 Nf6 2. Nc3 e6 3. d4 b6 4. Nf3 Bb7 5. e3 Be7 6. Be2 O-O 7. O-O d5 8. b3
Nbd7 9. Bb2 Ne4 10. Rc1 Ndf6 11. h3 Nxc3 12. Bxc3 Ba3 13. Rc2 Qe7 14. Nd2 Rfd8
15. Bf3 Ne4 16. Bb2 Bxb2 17. Rxb2 c5 18. cxd5 Nxd2 19. Rxd2 Bxd5 20. Bxd5 Rxd5
21. dxc5 Rxd2 22. Qxd2 Qxc5 23. Rc1 Qe7 24. Rd1 g6 25. Qd7 Re8 26. Qxe7 Rxe7 27.
Kf1 Rc7 28. Ke2 Kg7 29. g3 Rc2+ 30. Rd2 Rc7 1/2-1/2

[Event "5th HD Bank Cup 2015"]
[Site "Ho Chi Minh City VIE"]
[Date "2015.03.19"]
[Round "4.38"]
[White "Kebbedies, Frank"]
[Black "Cho, Seongho"]
[Result "1/2-1/2"]
[WhiteElo "1842"]
[BlackElo "2036"]
[WhiteFideId "24606944"]
[BlackFideId "13200550"]
[EventDate "2015.03.17"]

1. d4 d5 2. c4 e6 3. Nc3 Be7 4. Nf3 Nf6 5. Bg5 O-O 6. e3 h6 7. Bh4 Ne4 8. Bxe7
Qxe7 9. cxd5 Nxc3 10. bxc3 exd5 11. Qb3 Rd8 12. c4 dxc4 13. Bxc4 Nc6 14. Be2 Be6
15. Qc3 Bd5 16. O-O b6 17. Rfc1 Rd6 18. Nd2 Nxd4 19. Bf1 Ne6 20. Re1 c5 21. Nc4
Rdd8 22. a4 Rab8 23. Ne5 Ng5 24. Nd3 Ne4 25. Qc2 Rbc8 26. Nf4 Bb7 27. Red1 Rxd1
28. Rxd1 Rd8 29. Bc4 Rxd1+ 30. Qxd1 Qd6 31. Qh5 Qf6 32. h4 Nd2 33. Bd5 Bxd5 34.
Qxd5 Qa1+ 35. Kh2 Nf1+ 36. Kh3 Qe1 37. h5 Qxf2 38. Qd8+ Kh7 39. Qd3+ Kg8 40.
Qd8+ Kh7 41. Qd3+ Kg8 42. Qd8+ 1/2-1/2

[Event "5th HD Bank Cup 2015"]
[Site "Ho Chi Minh City VIE"]
[Date "2015.03.19"]
[Round "4.39"]
[White "Lee, Kyungseok"]
[Black "Truong, Anh Kiet"]
[Result "1/2-1/2"]
[WhiteElo "1959"]
[BlackElo "1766"]
[WhiteFideId "13202154"]
[BlackFideId "12405990"]
[EventDate "2015.03.17"]

1. d4 Nf6 2. Nf3 e6 3. c4 Bb4+ 4. Bd2 Qe7 5. Nc3 b6 6. g3 Bb7 7. Bg2 Nc6 8. O-O
Na5 9. b3 O-O 10. Ne1 Bxg2 11. Kxg2 d5 12. cxd5 Nxd5 13. Nxd5 exd5 14. Nf3 Rfd8
15. Qe1 Bxd2 16. Qxd2 f6 17. Rac1 Rac8 18. Rc2 Nb7 19. Rfc1 c5 20. Qd3 a5 21.
Qa6 Rd6 22. Kg1 Rdc6 23. dxc5 bxc5 24. Qb5 Qc7 25. Nd4 Qb6 26. Qxb6 Rxb6 27. Nf5
Kf7 28. Rd1 Rd8 29. Rcd2 d4 30. Rc2 g6 31. Nh4 Rb4 32. Nf3 a4 33. bxa4 Rxa4 34.
Rb1 Rd7 35. Nd2 Re7 36. Nb3 Rb4 37. Rbc1 h5 38. Kf1 Ra4 39. Nxc5 Nxc5 40. Rxc5
Rxa2 41. R1c2 Ra1+ 42. Rc1 Ra2 43. R5c2 Ra4 44. Rc7 Ra7 45. Rxa7 Rxa7 46. Rc4
Rd7 47. Ke1 Ke6 48. Rc6+ Ke5 49. Kd2 Kf5 50. h3 g5 51. Kd3 Ke5 52. Rc5+ Rd5 53.
f4+ gxf4 54. gxf4+ Ke6 55. Rc4 Kf5 56. e4+ dxe3+ 57. Kxe3 Ra5 58. Kf2 h4 59. Rc3
Kxf4 60. Rc4+ Kg5 61. Rg4+ Kh5 62. Rg8 Ra2+ 63. Kg1 f5 64. Kh1 Ra3 65. Kh2 Ra6
66. Rh8+ Kg5 67. Kg2 Ra2+ 68. Kg1 Kf4 69. Rg8 Kf3 70. Rg5 Kf4 71. Rg8 Ra3 72.
Kg2 Rg3+ 73. Rxg3 hxg3 74. h4 Kg4 75. h5 Kxh5 1/2-1/2